Les attributs d'Athéna/Minerve sur un dessin - Statistiques

Statistiques générales
  • Ce quiz a été pris 616 fois
    612 depuis la dernière actualisation
  • Le résultat moyen est 5 sur 7
Réponses sur la Carte
Les réponses sont colorées sur une échelle allant du rouge au vert en fonction du pourcentage des utilisateurs qui les ont devinées à leur premier essai. Vous pouvez retrouver ces pourcentages ci-dessous.
 
Statistiques - réponses
Attribut % Correct
La lance
99%
Le casque
99%
La chouette
98%
Le bouclier
98%
L'olivier
91%
L'Égide
25%
Le Gorgoneion
20%
Aucun quiz correspondant
Distribution des résultats
% des personnes avec chaque résultat
Percentile par nombre de réponses
Votre historique - résultats
Vous n’avez pas pris ce quiz depuis la dernière actualisation